| 000 | 00000nam 2200000za 4500 |
| 001 | 9.801036 |
| 003 | CaOODSP |
| 005 | 20221107134726 |
| 007 | cr ||||||||||| |
| 008 | 150529s2015||||xxcao|||o f000 0 fre d |
| 020 | |a978-0-660-02422-6 |
| 040 | |aCaOODSP|bfre |
| 043 | |an-cn--- |
| 086 | 1 |aST99-21/2015F-PDF |
| 245 | 02|aL'avenir du Canada dans l'espace |h[ressource électronique]. |
| 260 | |aSaint-Hubert, QC : |bAgence spatiale canadienne, |c2015. |
| 300 | |a11 p. : |bill. en coul. |
| 500 | |aPubl. aussi en anglais sous le titre : Canada's future in space. |
| 692 | 07|2gccst|aExploration spatiale |
| 710 | 2 |aAgence spatiale canadienne. |
| 775 | 08|tCanada's future in space |w(CaOODSP)9.801035 |
| 856 | 40|qPDF|s3.16 Mo|uhttps://publications.gc.ca/collections/collection_2015/asc-csa/ST99-21-2015-fra.pdf |